[Event "Mittelfrankenliga-B2a 0607"]
[Site "Mittelfranken"]
[Date "2007.02.11"]
[Round "6.6"]
[White "Staehle, Philipp"]
[Black "Seitz, Helmut"]
[Result "1/2-1/2"]
[WhiteElo "1760"]
[BlackElo "1844"]
[PlyCount "49"]
[EventDate "2006.10.22"]
[EventType "team-tourn"]
[EventRounds "9"]
[EventCountry "GER"]
[SourceTitle "EXT 2011"]
[Source "ChessBase"]
[SourceDate "2010.11.26"]
[SourceVersion "1"]
[SourceVersionDate "2010.11.26"]
[SourceQuality "1"]
[WhiteTeam "Erlangen SC II"]
[BlackTeam "Neustadt"]
[WhiteTeamCountry "GER"]
[BlackTeamCountry "GER"]

1. e4 c5 2. Nf3 Nc6 3. d4 cxd4 4. Nxd4 g6 5. Be3 Bg7 6. c3 Nf6 7. Bd3 0-0 8. 0-0 Ne5 9. f4 Nxd3 10. Qxd3 d6 11. Nd2 Ng4 12. Rae1 a6 13. f5 Nxe3 14. Rxe3 b5 15. Rh3 Qb6 16. Kh1 d5 17. N2f3 e5 18. Ng5 exd4 19. Rxh7 f6 20. Rxg7+ Kxg7 21. Nh3 dxe4 22. Qg3 g5 23. Nxg5 fxg5 24. Qxg5+ Kf7 25. f6 1/2-1/2

[Event "Mittelfrankenliga-B2a 0607"]
[Site "Mittelfranken"]
[Date "2006.11.12"]
[Round "2.4"]
[White "Fett, Helmut"]
[Black "Seitz, Helmut"]
[Result "1/2-1/2"]
[WhiteElo "1760"]
[BlackElo "1844"]
[PlyCount "42"]
[EventDate "2006.10.22"]
[EventType "team-tourn"]
[EventRounds "9"]
[EventCountry "GER"]
[SourceTitle "EXT 2011"]
[Source "ChessBase"]
[SourceDate "2010.11.26"]
[SourceVersion "1"]
[SourceVersionDate "2010.11.26"]
[SourceQuality "1"]
[WhiteTeam "Erlangen Siemens"]
[BlackTeam "Neustadt"]
[WhiteTeamCountry "GER"]
[BlackTeamCountry "GER"]

1. e4 c5 2. d4 cxd4 3. c3 dxc3 4. Nxc3 Nc6 5. Nf3 g6 6. Bc4 Bg7 7. Bd2 d6 8. 0-0 Nf6 9. h3 0-0 10. Qc1 a6 11. Bh6 b5 12. Bb3 Na5 13. Bd5 Bb7 14. Bxg7 Kxg7 15. b3 Rc8 16. Qe3 Nc6 17. Rfd1 Qc7 18. Rac1 Qb8 19. Rc2 Nb4 20. Rcd2 Nbxd5 21. Nxd5 Bxd5 1/2-1/2